000 00593nam a2200205Ia 4500
003 OSt
005 20240927103512.0
008 210210b1934 xxu||||| |||| 00| 0 eng d
040 _cAL
041 _aHindi
082 _a868/12
100 _aSAKSENA (Devi Prasad)
_dदेवी प्रसाद सक्सेना
_9180447
245 _aChamatkari balak
_bचमत्कारी बालक
260 _aPrAyAg
_bIndian Press Pvt Ltd.,
_c1934
650 _aChamatkAri
_9180448
650 _abAlak
_9180449
690 _aBiography
_9180450
906 _a023738
942 _2ddc
_cBK
999 _c148704
_d148704